[Event "Agen_2017-Accession"]
[Site "Agen"]
[Date "2017.08.19"]
[Round "1.22"]
[White "Girardon, Jerome"]
[Black "Calistri, Tristan"]
[Result "0-1"]
[WhiteElo "2160"]
[BlackElo "2293"]
[PlyCount "190"]
[EventDate "2017.08.??"]
[EventType "swiss"]
[EventRounds "9"]
[EventCountry "FRA"]
[WhiteTeam "Gueugnon Echecs"]
[BlackTeam "La tour de Juvisy"]

1. d4 Nf6 2. c4 g6 3. Nc3 Bg7 4. e4 d6 5. h3 O-O 6. Nf3 e5 7. dxe5 dxe5 8. Be3
Nbd7 9. Be2 Re8 10. Qc2 Nh5 11. O-O-O Nf4 12. Bf1 c6 13. g3 Ne6 14. Be2 Qe7 15.
Rd2 Ndc5 16. Rhd1 f5 17. exf5 Nd4 18. Rxd4 exd4 19. Nxd4 Bxd4 20. Rxd4 Bxf5 21.
Qd2 Bxh3 22. Bf4 Rad8 23. Bd6 Rxd6 24. Rxd6 Ne4 25. Nxe4 Qxe4 26. Bd3 Qe5 27.
Bc2 Bg4 28. Bxg6 Qe1+ 29. Qxe1 Rxe1+ 30. Kc2 Re2+ 31. Kc3 Rxf2 32. Be4 Re2 33.
Kd4 Rxb2 34. Ke5 Kg7 35. Kf4 h5 36. Ke5 Rf2 37. Rg6+ Kf7 38. Rh6 Ke7 39. Rh7+
Rf7 40. Rh6 Kd7 41. c5 Kc7 42. a4 a5 43. Rh8 Rd7 44. Rh6 Bd1 45. Rh8 Rd8 46.
Rh7+ Kb8 47. Rh6 Rg8 48. Bg6 Bxa4 49. Kf6 Bd1 50. Kf7 Rd8 51. Bxh5 a4 52. Bxd1
Rxd1 53. Rh8+ Kc7 54. Ra8 Rg1 55. Rxa4 Rxg3 56. Ke6 Re3+ 57. Kf5 Rc3 58. Ra5 b5
59. cxb6+ Kxb6 60. Ra1 Re3 61. Kf4 Re2 62. Rb1+ Ka5 63. Rg1 Kb6 64. Rb1+ Kc7
65. Rc1 Re8 66. Rc2 Kd6 67. Rd2+ Kc5 68. Rc2+ Kb5 69. Rb2+ Ka4 70. Rc2 Re6 71.
Kf5 Rd6 72. Ke5 Rd5+ 73. Ke6 Kb5 74. Rb2+ Kc5 75. Rc2+ Kb6 76. Rc1 Rd4 77. Rb1+
Ka5 78. Rc1 Kb5 79. Ke5 c5 80. Rb1+ Rb4 81. Rc1 Rb3 82. Kd5 Rd3+ 83. Ke4 c4 84.
Rb1+ Kc5 85. Rc1 Rd7 86. Ke3 Kb4 87. Rb1+ Ka3 88. Rc1 Kb3 89. Ke2 c3 90. Rb1+
Kc2 91. Rb8 Re7+ 92. Kf3 Kc1 93. Kf2 c2 94. Kf1 Re4 95. Kf2 Kd2 0-1

[Event "Agen_2017-Accession"]
[Site "Agen"]
[Date "2017.08.19"]
[Round "1.23"]
[White "Pigeat, Alexandre"]
[Black "Feryn, Benjamin"]
[Result "0-1"]
[WhiteElo "2286"]
[BlackElo "2153"]
[PlyCount "96"]
[EventDate "2017.08.??"]
[EventType "swiss"]
[EventRounds "9"]
[EventCountry "FRA"]
[WhiteTeam "Esbarres Bonnencontre Echecs"]
[BlackTeam "L'Echiquier Cappellois"]

1. d4 Nf6 2. c4 g6 3. Nc3 Bg7 4. e4 d6 5. f3 O-O 6. Be3 c5 7. d5 e6 8. Nge2
exd5 9. cxd5 Nbd7 10. Ng3 a6 11. a4 Rb8 12. Be2 Ne8 13. Qd2 Nc7 14. Bh6 b5 15.
h4 Qf6 16. h5 Qd4 17. Qc1 Bxh6 18. Qxh6 Qg7 19. Qd2 bxa4 20. Rxa4 Nb5 21. Bxb5
axb5 22. Ra5 Ne5 23. Qe2 Nc4 24. Ra2 Qd4 25. Qf2 Qxf2+ 26. Kxf2 b4 27. b3 Ne5
28. Nce2 Rb6 29. f4 Ng4+ 30. Kf3 Nf6 31. h6 Bg4+ 32. Ke3 Re8 33. Kf2 Bxe2 34.
Rxe2 Ra6 35. Kf3 Kf8 36. Rd1 Ng8 37. Nf1 Nxh6 38. Ne3 Ra3 39. Rd3 f5 40. Nc4
fxe4+ 41. Rxe4 Rxe4 42. Kxe4 Ra6 43. Kf3 Nf5 44. g4 Nd4+ 45. Ke4 Ra1 46. Re3
Nb5 47. Rd3 Rf1 48. Ne3 Nc3+ 0-1

[Event "Agen_2017-Accession"]
[Site "Agen"]
[Date "2017.08.19"]
[Round "1.24"]
[White "De Lussac, Rainier"]
[Black "Gatineau, Yovann"]
[Result "0-1"]
[WhiteElo "2149"]
[BlackElo "2281"]
[PlyCount "106"]
[EventDate "2017.08.??"]
[EventType "swiss"]
[EventRounds "9"]
[EventCountry "FRA"]
[WhiteTeam "Chevau-légers de la Choisille"]
[BlackTeam "Mulhouse Philidor"]

1. d4 Nf6 2. Nf3 g6 3. Nc3 d5 4. Bf4 c6 5. e3 Bf5 6. Be2 Bg7 7. Ne5 Nbd7 8. g4
Be6 9. Qd3 Ne4 10. f3 Nd6 11. O-O-O Nb6 12. h4 f6 13. Nxg6 hxg6 14. Qxg6+ Kf8
15. h5 Bf7 16. Qd3 e5 17. Bg3 Qe7 18. b3 Re8 19. Rde1 Bg8 20. Kb1 Bh7 21. Qd1
Ndc4 22. Bxc4 Nxc4 23. h6 Bxh6 24. Rxh6 Bxc2+ 25. Qxc2 Na3+ 26. Kb2 Rxh6 27.
Qf5 Nb5 28. Nxb5 cxb5 29. Bxe5 Qh7 30. Bd6+ Kg8 31. Qxd5+ Kh8 32. Rc1 Rd8 33.
g5 Rh2+ 34. Bxh2 Qxh2+ 35. Rc2 Qxc2+ 36. Kxc2 Rxd5 37. gxf6 Rf5 38. f4 Kg8 39.
Kd3 Kf7 40. Ke4 Ke6 41. Kf3 Rxf6 42. e4 Rh6 43. f5+ Ke7 44. e5 Rh4 45. d5 a5
46. Ke3 a4 47. Kd3 axb3 48. axb3 Rb4 49. Ke3 Rxb3+ 50. Kd4 Rb1 51. d6+ Kd7 52.
Kd5 Rd1+ 53. Kc5 b6+ 0-1

[Event "Agen_2017-Accession"]
[Site "Agen"]
[Date "2017.08.19"]
[Round "1.25"]
[White "Le Goff, Ronan"]
[Black "Lever, Erwan"]
[Result "1-0"]
[WhiteElo "2280"]
[BlackElo "2134"]
[PlyCount "107"]
[EventDate "2017.08.??"]
[EventType "swiss"]
[EventRounds "9"]
[EventCountry "FRA"]
[WhiteTeam "Echiquier de l'Erdre"]
[BlackTeam "C.E.I. Toulouse"]

1. d4 Nf6 2. Nf3 g6 3. Nc3 d5 4. Bf4 Bg7 5. Nb5 Na6 6. e3 O-O 7. h3 Re8 8. Be2
c6 9. Nc3 Nd7 10. O-O e5 11. dxe5 Nxe5 12. Nxe5 Bxe5 13. Bxe5 Rxe5 14. Bxa6
bxa6 15. Qd4 Qe7 16. Rfd1 Rb8 17. a3 Rg5 18. Kh1 Qe5 19. Qxe5 Rxe5 20. b3 h5
21. Ne2 a5 22. Rd4 Bf5 23. Rd2 a4 24. b4 a5 25. Nd4 Bd7 26. c3 c5 27. bxc5 Rc8
28. Nf3 Rf5 29. Nd4 Re5 30. c6 Bxc6 31. Rb1 Be8 32. Ne2 Rc5 33. Rb8 Kg7 34.
Rdb2 Bd7 35. Ra8 Bf5 36. Rd2 Bd7 37. Ra7 Be8 38. Rb2 Re6 39. Rbb7 Rf6 40. Kg1
Bc6 41. Rb6 Be8 42. Rb8 Bc6 43. f3 g5 44. Rc7 Rb5 45. Rxb5 Bxb5 46. Nd4 Bc4 47.
Rc6 g4 48. Kf2 gxf3 49. gxf3 Kg6 50. Kg3 Rxc6 51. Nxc6 Bf1 52. Ne7+ Kf6 53.
Nxd5+ Ke5 54. Nf4 1-0

[Event "Agen_2017-Accession"]
[Site "Agen"]
[Date "2017.08.19"]
[Round "1.26"]
[White "Roselle, Tristan"]
[Black "Micottis, Dorian"]
[Result "0-1"]
[WhiteElo "2134"]
[BlackElo "2271"]
[PlyCount "66"]
[EventDate "2017.08.??"]
[EventType "swiss"]
[EventRounds "9"]
[EventCountry "FRA"]
[WhiteTeam "AGJA-Echiquier Aquitaine"]
[BlackTeam "Club d'Echecs Metz Fischer"]

1. e4 c5 2. Nf3 e6 3. c3 Nf6 4. e5 Nd5 5. d4 cxd4 6. cxd4 d6 7. Bc4 Nc6 8. O-O
Be7 9. Qe2 O-O 10. Nc3 Nxc3 11. bxc3 dxe5 12. dxe5 b6 13. Bd3 Bb7 14. Rd1 Qc7
15. Qe4 g6 16. Qe2 Rfd8 17. Rb1 Rd5 18. Bf4 Rad8 19. Be4 Rc5 20. Rxd8+ Nxd8 21.
Bxb7 Nxb7 22. Nd4 Rxc3 23. Nb5 Rc2 24. Qf3 Qc4 25. Bh6 Bf8 26. Qxb7 Bxh6 27. g3
Qe2 28. Qg2 Rxa2 29. Nd6 Qxe5 30. Qc6 Bf8 31. Ne8 Qa5 32. Qf3 Qf5 33. Nf6+ Kh8
0-1

[Event "Agen_2017-Accession"]
[Site "Agen"]
[Date "2017.08.19"]
[Round "1.27"]
[White "Guidez, Yann-Michael"]
[Black "Pottier, Alexandre"]
[Result "1-0"]
[WhiteElo "2271"]
[BlackElo "2127"]
[PlyCount "137"]
[EventDate "2017.08.??"]
[EventType "swiss"]
[EventRounds "9"]
[EventCountry "FRA"]
[WhiteTeam "Echiquier Bordelais"]
[BlackTeam "C.E. de Rueil Malmaison"]

1. e4 c5 2. Nf3 g6 3. g3 Bg7 4. Bg2 Nc6 5. O-O d6 6. h3 Nf6 7. Re1 O-O 8. c3 e5
9. d4 Qb6 10. dxc5 dxc5 11. Na3 Qc7 12. Qc2 h6 13. Be3 Qe7 14. Rad1 Be6 15. Bf1
Rad8 16. Kg2 Nh5 17. Be2 Kh7 18. Rxd8 Nxd8 19. Nc4 Nc6 20. Rd1 b6 21. Bc1 f5
22. exf5 Bxf5 23. Qd2 Qe6 24. Ng1 Rd8 25. Qe1 Rxd1 26. Qxd1 Be4+ 27. Kh2 Nf6
28. b3 Nd5 29. Qe1 Bb1 30. Bg4 Bf5 31. Bxf5 Qxf5 32. Nd6 Qc2 33. Qd2 Qxd2 34.
Bxd2 g5 35. Kg2 Kg6 36. Kf3 Bf8 37. Ne4 Be7 38. Ne2 Kf5 39. g4+ Ke6 40. N2g3
Nf4 41. Nf5 Nxh3 42. Nxh6 Nf4 43. Nf5 Bd8 44. Ng7+ Kf7 45. Nh5 Ke6 46. Nhg3 Be7
47. Ne2 Bd8 48. Ng1 Be7 49. Ng3 Kd5 50. c4+ Kd4 51. Nf5+ Kd3 52. Bxf4 gxf4 53.
Nxe7 Nxe7 54. g5 a6 55. a4 Nf5 56. Kg4 Ng7 57. Nf3 e4 58. Ne5+ Kd4 59. Nc6+ Kc3
60. Kxf4 Ne6+ 61. Kf5 Nxg5 62. Kxg5 Kxb3 63. Kf4 Kxc4 64. Kxe4 b5 65. Ne5+ Kc3
66. axb5 axb5 67. f4 c4 68. f5 Kd2 69. Kd4 1-0

[Event "Agen_2017-Accession"]
[Site "Agen"]
[Date "2017.08.19"]
[Round "1.28"]
[White "Flachet, Thierry"]
[Black "Meunier, Clement"]
[Result "0-1"]
[WhiteElo "2104"]
[BlackElo "2269"]
[PlyCount "68"]
[EventDate "2017.08.??"]
[EventType "swiss"]
[EventRounds "9"]
[EventCountry "FRA"]
[WhiteTeam "Cercle d'échecs des Sables d'Olonne"]
[BlackTeam "Echiquier Orangeois"]

1. Nf3 Nf6 2. c4 g6 3. Nc3 Bg7 4. e4 d6 5. d4 O-O 6. Be2 e5 7. O-O Qe7 8. d5 a5
9. Ne1 Na6 10. Nd3 Nd7 11. Be3 f5 12. f3 f4 13. Bf2 h5 14. a3 g5 15. b4 Nf6 16.
c5 g4 17. cxd6 cxd6 18. Na4 gxf3 19. Bxf3 Bg4 20. Qe2 axb4 21. axb4 Nc7 22. Nb6
Rxa1 23. Rxa1 Qe8 24. h3 Bxf3 25. gxf3 Nb5 26. Kh1 Nc3 27. Qc2 Ncxe4 28. fxe4
Qg6 29. Qe2 Nxe4 30. Rg1 Qf5 31. Kh2 f3 32. Qe3 Kh7 33. Re1 Ng5 34. Kg1 Bh6 0-1

[Event "Agen_2017-Accession"]
[Site "Agen"]
[Date "2017.08.19"]
[Round "1.29"]
[White "Touzane, Olivier"]
[Black "Suez-Panama, Gilles"]
[Result "1-0"]
[WhiteElo "2264"]
[BlackElo "2078"]
[PlyCount "136"]
[EventDate "2017.08.??"]
[EventType "swiss"]
[EventRounds "9"]
[EventCountry "FRA"]
[WhiteTeam "Echecs Club Montpellier"]
[BlackTeam "Arsenal"]

1. d4 Nf6 2. Bf4 d6 3. Nf3 g6 4. h3 Bg7 5. Nbd2 Bf5 6. e3 c6 7. a4 O-O 8. Bd3
Bxd3 9. cxd3 Nbd7 10. Bh2 Nd5 11. Nc4 a5 12. O-O b5 13. Na3 Qb6 14. Qb3 Nb4 15.
Rfc1 h6 16. Qd1 Rfc8 17. b3 Qa6 18. Ne1 bxa4 19. bxa4 c5 20. Nb5 Qb6 21. Nf3
Rc6 22. Rab1 Qd8 23. dxc5 Rxc5 24. d4 Rxc1 25. Rxc1 Rc8 26. Rxc8 Qxc8 27. Nd2
Nb6 28. Bg3 Qc2 29. Qxc2 Nxc2 30. Nc3 f5 31. Nb3 Nc4 32. Kf1 Nb4 33. Ke2 e5 34.
Nb5 Kf7 35. f3 exd4 36. exd4 Ke6 37. Be1 Nb6 38. Nxa5 N4d5 39. Nb7 Nxa4 40.
N7xd6 Bxd4 41. Nxf5 Nf4+ 42. Kf1 Kxf5 43. Nxd4+ Ke5 44. Nc6+ Kf6 45. Bd2 g5 46.
g3 Nd5 47. g4 Nc5 48. Nd4 Nd3 49. Ne2 Kg6 50. Kg2 Kf6 51. h4 Kg6 52. h5+ Kf6
53. Kg3 Ne5 54. Nc3 Ne7 55. Ne4+ Ke6 56. Bc3 Nd3 57. Bg7 Ng8 58. Nd2 Kf7 59.
Bh8 Ne7 60. Nc4 Ke6 61. Bg7 Ng8 62. Ne3 Nf4 63. Kf2 Nh3+ 64. Kf1 Nf4 65. Ke1
Kf7 66. Nf5 Ne7 67. Nxe7 Kxg7 68. Nf5+ Kh7 1-0

[Event "Agen_2017-Accession"]
[Site "Agen"]
[Date "2017.08.19"]
[Round "1.30"]
[White "Lanteri, Nicolas"]
[Black "Devallee, Jeremie"]
[Result "1/2-1/2"]
[WhiteElo "2037"]
[BlackElo "2258"]
[PlyCount "83"]
[EventDate "2017.08.??"]
[EventType "swiss"]
[EventRounds "9"]
[EventCountry "FRA"]
[WhiteTeam "C.E.M.C. Monaco"]
[BlackTeam "Chartres Metropole Echecs"]

1. d4 Nf6 2. e3 b6 3. Bd3 Bb7 4. Nf3 e6 5. Nbd2 Be7 6. Qe2 O-O 7. O-O c5 8. c3
d6 9. a4 a6 10. Rd1 Nbd7 11. b3 Qb8 12. Bb2 d5 13. Rac1 Ne4 14. Ne1 Bd6 15. f4
f5 16. Nef3 Ndf6 17. Ne5 a5 18. Ndf3 Qa7 19. c4 Rac8 20. Qe1 Qa8 21. Bxe4 Nxe4
22. Nd7 Rc7 23. Nxf8 Qxf8 24. dxc5 bxc5 25. Be5 Bxe5 26. Nxe5 Qa8 27. Qh4 Nf6
28. Qf2 Qa6 29. Qf1 Qb6 30. Qd3 h6 31. cxd5 Bxd5 32. Nc4 Qa6 33. Qc3 Ra7 34.
Qe5 Qb7 35. Qb2 Ra8 36. Qc3 Bxg2 37. Nxa5 Qf3 38. Nc4 Ne4 39. Qe1 Bh3 40. Rc2
Qg4+ 41. Kh1 Qf3+ 42. Kg1 1/2-1/2

[Event "Agen_2017-Accession"]
[Site "Agen"]
[Date "2017.08.19"]
[Round "1.31"]
[White "Lacroix, Romain"]
[Black "Gardet, Thomas"]
[Result "1-0"]
[WhiteElo "2255"]
[BlackElo "2007"]
[PlyCount "55"]
[EventDate "2017.08.??"]
[EventType "swiss"]
[EventRounds "9"]
[EventCountry "FRA"]
[WhiteTeam "C.E.I. Toulouse"]
[BlackTeam "Echecs Club de Petit Bourg"]

1. d4 Nf6 2. Nf3 g6 3. Bf4 Bg7 4. e3 d6 5. h3 c5 6. c3 Nc6 7. Be2 O-O 8. Nbd2
Bf5 9. O-O Re8 10. a4 e5 11. Bh2 e4 12. Ne1 cxd4 13. exd4 d5 14. Nc2 Be6 15. f3
e3 16. Nb3 Bh6 17. Nc5 Bc8 18. f4 Na5 19. Rf3 b6 20. Nd3 Nc4 21. Ne5 Nxb2 22.
Qe1 Bd7 23. Nxe3 Nxa4 24. f5 Bg7 25. fxg6 hxg6 26. Bg3 Nb2 27. Bh4 Bc8 28. Qf1
1-0

[Event "Agen_2017-Accession"]
[Site "Agen"]
[Date "2017.08.19"]
[Round "2.7"]
[White "Brochet, Philippe"]
[Black "Guidez, Yann-Michael"]
[Result "1-0"]
[WhiteElo "2417"]
[BlackElo "2271"]
[PlyCount "127"]
[EventDate "2017.08.??"]
[EventType "swiss"]
[EventRounds "9"]
[EventCountry "FRA"]
[WhiteTeam "Echecs Club Montpellier"]
[BlackTeam "Echiquier Bordelais"]

1. e4 e5 2. Nc3 Nc6 3. Bc4 Nf6 4. d3 Na5 5. Bb3 Nxb3 6. axb3 d6 7. f4 exf4 8.
Bxf4 Be7 9. Nf3 O-O 10. O-O d5 11. Nb5 c6 12. Nc7 Rb8 13. Nxd5 Nxd5 14. exd5
Ra8 15. dxc6 Qb6+ 16. Kh1 Qxc6 17. Re1 Bf6 18. Be5 Bg4 19. Bxf6 Qxf6 20. c3
Rae8 21. Rf1 Qb6 22. Ra4 Bh5 23. Rh4 Bxf3 24. Qxf3 Re3 25. Qd1 Rd8 26. d4 Rde8
27. Rhf4 f6 28. d5 Qd6 29. Qd4 b6 30. Kg1 R8e5 31. Rd1 Kf7 32. b4 Re1+ 33. Rxe1
Rxe1+ 34. Rf1 Re2 35. Ra1 Re7 36. Qd2 Rd7 37. c4 Rc7 38. Rc1 a5 39. bxa5 Qc5+
40. Kh1 bxa5 41. b3 Rb7 42. Qc2 h6 43. h4 Re7 44. Rd1 Rd7 45. Qd2 a4 46. Qc3
axb3 47. Qxb3 Rd6 48. Qb7+ Kg6 49. Qe7 Qb6 50. Qe8+ Kh7 51. Qe4+ Kg8 52. Rb1
Qa7 53. Re1 Ra6 54. Qg6 Ra1 55. Qe8+ Kh7 56. d6 Rxe1+ 57. Qxe1 Qd4 58. Qe6 Qf4
59. Qd5 Qc1+ 60. Kh2 Qf4+ 61. g3 Qf2+ 62. Qg2 Qf5 63. Qd2 Qd7 64. c5 1-0

[Event "Agen_2017-Accession"]
[Site "Agen"]
[Date "2017.08.19"]
[Round "2.8"]
[White "Duboue, Peio"]
[Black "Touzane, Olivier"]
[Result "1-0"]
[WhiteElo "2403"]
[BlackElo "2264"]
[PlyCount "47"]
[EventDate "2017.08.??"]
[EventType "swiss"]
[EventRounds "9"]
[EventCountry "FRA"]
[WhiteTeam "Echiquier de l'Erdre"]
[BlackTeam "Echecs Club Montpellier"]

1. e4 d6 2. d4 Nf6 3. Nc3 e5 4. Nf3 Nbd7 5. Be2 Be7 6. O-O O-O 7. h3 b6 8. Re1
Bb7 9. Bc4 a5 10. b3 h6 11. Bb2 exd4 12. Qxd4 Ne5 13. Nxe5 dxe5 14. Qxe5 a4 15.
Rad1 Bd6 16. Qf5 Ra5 17. e5 Qa8 18. Nb5 Be4 19. Rxe4 Qxe4 20. Qxe4 Nxe4 21.
exd6 Rd8 22. b4 a3 23. Bd4 Rxb5 24. dxc7 1-0

[Event "Agen_2017-Accession"]
[Site "Agen"]
[Date "2017.08.19"]
[Round "2.9"]
[White "Favarel, Antoine"]
[Black "Lacroix, Romain"]
[Result "0-1"]
[WhiteElo "2388"]
[BlackElo "2255"]
[PlyCount "100"]
[EventDate "2017.08.??"]
[EventType "swiss"]
[EventRounds "9"]
[EventCountry "FRA"]
[WhiteTeam "L'Echiquier Chalonnais"]
[BlackTeam "C.E.I. Toulouse"]

1. c4 Nf6 2. g3 e6 3. Bg2 d5 4. Nf3 d4 5. O-O Nc6 6. d3 Bc5 7. Na3 O-O 8. Nc2
a5 9. Bf4 Re8 10. Ne5 Nxe5 11. Bxe5 Ng4 12. Bf4 e5 13. Bd2 c6 14. b3 Bf5 15. h3
Nf6 16. a3 e4 17. b4 axb4 18. Bxb4 Ba7 19. Rb1 Qd7 20. Kh2 h5 21. Rb3 h4 22.
dxe4 Nxe4 23. Rf3 c5 24. Bd2 Bb8 25. Bf4 Bxf4 26. gxf4 Nc3 27. Rxc3 dxc3 28.
Qxd7 Bxd7 29. Bxb7 Ra4 30. Rd1 Re7 31. Ne3 Rxa3 32. Bf3 Ba4 33. Rc1 c2 34. Nd5
Re8 35. e3 Rb8 36. Be4 Rb2 37. Kg2 Bb3 38. Bd3 Rb1 39. Rxb1 cxb1=Q 40. Bxb1
Bxc4 41. Ne7+ Kf8 42. Nf5 Bd3 43. Bxd3 Rxd3 44. Kf3 c4 45. Ke2 Rd5 46. Nd4 Ke7
47. Kd2 Kd6 48. Kc3 Kc5 49. Nf3 Rd3+ 50. Kc2 Ra3 0-1

[Event "Agen_2017-Accession"]
[Site "Agen"]
[Date "2017.08.19"]
[Round "2.10"]
[White "Bilquez, Romain"]
[Black "Philippe, Guillaume"]
[Result "1/2-1/2"]
[WhiteElo "2219"]
[BlackElo "2364"]
[PlyCount "65"]
[EventDate "2017.08.??"]
[EventType "swiss"]
[EventRounds "9"]
[EventCountry "FRA"]
[WhiteTeam "Nogent le Roi"]
[BlackTeam "L'Echiquier Chalonnais"]

1. e4 g6 2. d4 Bg7 3. Nc3 a6 4. a4 d6 5. Be3 Nf6 6. h3 Nc6 7. Nf3 O-O 8. Bc4
Nxe4 9. Nxe4 d5 10. Bd3 dxe4 11. Bxe4 Qd6 12. c3 f5 13. Bc2 Be6 14. O-O Rad8
15. Bb3 f4 16. Bc1 Na5 17. Bxe6+ Qxe6 18. Re1 Qd5 19. b4 Nc6 20. Qe2 Rf5 21. b5
axb5 22. axb5 Qxb5 23. Qxb5 Rxb5 24. Bxf4 Rb3 25. Re3 Rf8 26. Bxc7 Bh6 27. Re2
Rxc3 28. Rb1 Rc8 29. Bg3 Rc1+ 30. Rxc1 Bxc1 31. d5 Nb4 32. Rxe7 Nxd5 33. Rxb7
1/2-1/2

[Event "Agen_2017-Accession"]
[Site "Agen"]
[Date "2017.08.19"]
[Round "2.11"]
[White "Pucher, Sebastien"]
[Black "Lallement, Victor"]
[Result "1-0"]
[WhiteElo "2360"]
[BlackElo "2200"]
[PlyCount "69"]
[EventDate "2017.08.??"]
[EventType "swiss"]
[EventRounds "9"]
[EventCountry "FRA"]
[WhiteTeam "Club d'Echecs Metz Fischer"]
[BlackTeam "Echiquier Centre Vaucluse "]

1. Nf3 d5 2. c4 e6 3. b3 Nf6 4. g3 b6 5. Bg2 Bb7 6. O-O Be7 7. Bb2 O-O 8. e3 c5
9. Nc3 Nc6 10. cxd5 exd5 11. d4 Ne4 12. dxc5 Bf6 13. Qc1 Nxc5 14. Rd1 Nb4 15.
Qb1 Qc8 16. Nb5 Bxb2 17. Qxb2 Ba6 18. Nfd4 Qd7 19. Nc3 Bb7 20. a3 Nba6 21. Nde2
Nc7 22. Nf4 Rfd8 23. Ncxd5 Nxd5 24. Nxd5 Kf8 25. Qc2 Qg4 26. b4 Ne6 27. Qxh7
Bxd5 28. Rxd5 Ke7 29. Qe4 Qe2 30. Rc1 Rac8 31. Qb1 Rxd5 32. Bxd5 Ng5 33. Rxc8
Nh3+ 34. Kg2 Qxf2+ 35. Kxh3 1-0

[Event "Agen_2017-Accession"]
[Site "Agen"]
[Date "2017.08.19"]
[Round "2.12"]
[White "Travadon, Loic"]
[Black "Pottier, Simeon"]
[Result "1/2-1/2"]
[WhiteElo "2341"]
[BlackElo "2006"]
[PlyCount "115"]
[EventDate "2017.08.??"]
[EventType "swiss"]
[EventRounds "9"]
[EventCountry "FRA"]
[WhiteTeam "C.E. de  Bois-Colombes"]
[BlackTeam "Rois et Dames des Trois Cites"]

1. d4 Nf6 2. c4 c5 3. d5 b5 4. cxb5 a6 5. bxa6 g6 6. Nc3 Bg7 7. e4 O-O 8. Be2
Qa5 9. Bd2 d6 10. a7 Qxa7 11. Nf3 Ba6 12. a4 Nbd7 13. O-O Rfb8 14. Bb5 Bxb5 15.
Nxb5 Qb7 16. Qc2 Ne8 17. Ra3 Rc8 18. Bc3 Nc7 19. Nxc7 Qxc7 20. Bxg7 Kxg7 21.
Qc3+ Kg8 22. Ng5 h6 23. Nh3 Qa5 24. Qg3 Qb4 25. Qh4 Qxb2 26. Rg3 Qf6 27. Qxh6
Rxa4 28. Ng5 Qg7 29. Qh3 Rd8 30. f4 Ra1 31. Rgf3 Rxf1+ 32. Rxf1 Nf6 33. Qd3 Ra8
34. e5 Nd7 35. e6 fxe6 36. dxe6 Nb6 37. Qb5 Qd4+ 38. Kh1 c4 39. h4 Kg7 40. Nf3
Qe3 41. Qg5 Ra7 42. Re1 Qd3 43. Qb5 Nd5 44. Ng5 Qc3 45. Rd1 Nxf4 46. Qe8 Qf6
47. Rf1 Ra1 48. Rxa1 Qxa1+ 49. Kh2 Qf6 50. Qc8 c3 51. g3 Ne2 52. Kg2 Qe5 53.
Nf7 Qxg3+ 54. Kf1 Qf3+ 55. Ke1 Qh1+ 56. Kxe2 Qe4+ 57. Kf2 Qf4+ 58. Ke2 1/2-1/2

[Event "Agen_2017-Accession"]
[Site "Agen"]
[Date "2017.08.19"]
[Round "2.13"]
[White "Mancini, Mario"]
[Black "Midoux, Sebastien"]
[Result "0-1"]
[WhiteElo "2199"]
[BlackElo "2321"]
[PlyCount "114"]
[EventDate "2017.08.??"]
[EventType "swiss"]
[EventRounds "9"]
[EventCountry "FRA"]
[WhiteTeam "Cercle d'Echecs de Villepinte"]
[BlackTeam "CE Vitrolles"]

1. d4 Nf6 2. c4 g6 3. Nc3 d5 4. Nf3 Bg7 5. Qb3 dxc4 6. Qxc4 O-O 7. e4 Be6 8. d5
Bc8 9. Be2 c6 10. Bf4 cxd5 11. exd5 Na6 12. Rd1 Bd7 13. O-O Qa5 14. Be5 Rfc8
15. Qd4 Qb4 16. Bxa6 Qxd4 17. Rxd4 bxa6 18. Rb4 Be8 19. Re1 Bf8 20. Rd4 Nd7 21.
Bg3 Nb6 22. Rd3 Nc4 23. b3 Nd6 24. h3 Rd8 25. Be5 Rac8 26. Nd4 Nb5 27. Ndxb5
axb5 28. Red1 f6 29. Bf4 Bd7 30. g4 b4 31. Ne4 f5 32. gxf5 Bxf5 33. Re3 Rc2 34.
Rd4 a5 35. d6 Bxe4 36. Rexe4 exd6 37. Rd2 Rxd2 38. Bxd2 Rc8 39. Be3 Rc2 40. Re8
Kf7 41. Ra8 Rxa2 42. Ra7+ Ke6 43. Rxh7 Be7 44. Rh8 a4 45. bxa4 b3 46. Bd4 Rxa4
47. Bg7 Rb4 48. Bb2 Bf6 49. Re8+ Kf7 50. Re2 Bxb2 51. Rxb2 Ke6 52. Kf1 Kd5 53.
Ke2 Kc4 54. Kd2 Ra4 55. Rb1 Ra2+ 56. Ke3 d5 57. Rc1+ Rc2 0-1

[Event "Agen_2017-Accession"]
[Site "Agen"]
[Date "2017.08.19"]
[Round "2.14"]
[White "Feryn, Benjamin"]
[Black "Fantinel, Thibault"]
[Result "0-1"]
[WhiteElo "2153"]
[BlackElo "2413"]
[PlyCount "82"]
[EventDate "2017.08.??"]
[EventType "swiss"]
[EventRounds "9"]
[EventCountry "FRA"]
[WhiteTeam "L'Echiquier Cappellois"]
[BlackTeam "Echiquier Agenais"]

1. e4 c5 2. Nf3 Nc6 3. d4 cxd4 4. Nxd4 e5 5. Nb5 d6 6. N1c3 a6 7. Na3 Be7 8.
Nc4 b5 9. Ne3 Nf6 10. Ned5 O-O 11. Nxe7+ Nxe7 12. Bg5 b4 13. Nd5 Nfxd5 14. Qxd5
Nxd5 15. Bxd8 Rxd8 16. exd5 Bf5 17. O-O-O Rdc8 18. Bd3 e4 19. Be2 Rc5 20. Rd2
a5 21. Re1 Re8 22. Ba6 Re7 23. Re3 Kf8 24. b3 Bg6 25. Bc4 f5 26. g3 Bh5 27. h4
h6 28. Kb2 g5 29. Re1 gxh4 30. Rh1 Bg4 31. Rxh4 Kg7 32. Rh2 h5 33. Be2 Bxe2 34.
Rxe2 Kg6 35. Rd2 Re5 36. Rh1 Rexd5 37. Rhd1 Rxd2 38. Rxd2 d5 39. Kc1 Kg5 40.
Kd1 f4 41. Ke2 Kg4 0-1

[Event "Agen_2017-Accession"]
[Site "Agen"]
[Date "2017.08.19"]
[Round "2.15"]
[White "Housieaux, David"]
[Black "Hutois, Mickael"]
[Result "1/2-1/2"]
[WhiteElo "2409"]
[BlackElo "2207"]
[PlyCount "43"]
[EventDate "2017.08.??"]
[EventType "swiss"]
[EventRounds "9"]
[EventCountry "FRA"]
[WhiteTeam "A.J.E. Noyon"]
[BlackTeam "Echiquier de l'Erdre"]

1. Nf3 Nf6 2. c4 e6 3. g3 d5 4. Bg2 Be7 5. O-O O-O 6. d4 dxc4 7. Qc2 a6 8. a4
Bd7 9. Rd1 Bc6 10. Nc3 Bxf3 11. Bxf3 Nc6 12. Bxc6 bxc6 13. a5 Rb8 14. e4 Rb4
15. Bg5 Qb8 16. Rd2 h6 17. Bxf6 Bxf6 18. Na2 Rb3 19. Nc1 Rb4 20. Na2 Rb3 21.
Nc1 Rb4 22. Na2 1/2-1/2

[Event "Agen_2017-Accession"]
[Site "Agen"]
[Date "2017.08.19"]
[Round "2.16"]
[White "O'Sullivan, Thomas"]
[Black "Ollier, Pablo"]
[Result "0-1"]
[WhiteElo "2238"]
[BlackElo "2395"]
[PlyCount "100"]
[EventDate "2017.08.??"]
[EventType "swiss"]
[EventRounds "9"]
[EventCountry "FRA"]
[WhiteTeam "Cercle d'Echecs de Villepinte"]
[BlackTeam "Echiquier Médocain"]

1. d4 Nf6 2. c4 e6 3. Nc3 Bb4 4. Qc2 O-O 5. Nf3 d6 6. Bg5 Nbd7 7. e3 Re8 8. Rd1
Qe7 9. Be2 b6 10. O-O Bxc3 11. bxc3 Bb7 12. Nd2 e5 13. Rde1 Nf8 14. f3 h6 15.
Bh4 Ng6 16. Bf2 Rad8 17. a4 a5 18. Nb3 c5 19. d5 e4 20. Nd2 Bc8 21. Kh1 Bf5 22.
Qb3 Qd7 23. Rg1 Ne5 24. Bg3 Qe7 25. Bxe5 Qxe5 26. f4 Qe7 27. g4 Bd7 28. g5 hxg5
29. Rxg5 g6 30. Reg1 Kg7 31. f5 Nh7 32. Rh5 Rh8 33. fxg6 fxg6 34. Nf1 Nf6 35.
Rhg5 Rh6 36. Qxb6 Bh3 37. Ng3 Kf7 38. Qb2 Rdh8 39. Bd1 Nd7 40. Qf2+ Ke8 41. Ne2
Ne5 42. Nf4 Bf5 43. R5g2 Nf3 44. Bxf3 exf3 45. Qxf3 Be4 46. Qg3 g5 47. Ne6
Rxh2+ 48. Qxh2 Rxh2+ 49. Kxh2 Qh7+ 50. Kg3 Qh4# 0-1

[Event "Agen_2017-Accession"]
[Site "Agen"]
[Date "2017.08.19"]
[Round "2.17"]
[White "Le Hetet, Nicolas"]
[Black "Lanteri, Nicolas"]
[Result "1-0"]
[WhiteElo "2317"]
[BlackElo "2037"]
[PlyCount "77"]
[EventDate "2017.08.??"]
[EventType "swiss"]
[EventRounds "9"]
[EventCountry "FRA"]
[WhiteTeam "Echiquier Agenais"]
[BlackTeam "C.E.M.C. Monaco"]

1. e4 d6 2. d4 Nf6 3. Nc3 e5 4. Nf3 Nbd7 5. Bc4 Be7 6. O-O O-O 7. a4 a5 8. Re1
c6 9. b3 Qc7 10. h3 h6 11. Bb2 Re8 12. dxe5 Nxe5 13. Bf1 Nxf3+ 14. Qxf3 Be6 15.
Qg3 Nh5 16. Qe3 Bg5 17. Qf3 Nf6 18. Bd3 Nd7 19. Rad1 Rad8 20. Ne2 Ne5 21. Qg3
Ng6 22. Nd4 Bh4 23. Qe3 Bc8 24. Nf3 Be7 25. Bc4 d5 26. exd5 cxd5 27. Rxd5 Rxd5
28. Bxd5 Qxc2 29. Qd4 Bf6 30. Rxe8+ Kh7 31. Rxc8 Qxc8 32. Qd2 Bxb2 33. Qxb2 Qf5
34. Qd4 Qb1+ 35. Kh2 f5 36. Bc4 Ne7 37. Qh4 Nc6 38. Qh5 Qe4 39. Ng5+ 1-0